Statistics for Countries with Fjords

Click here to take the quiz!

General Stats

  • This quiz has been taken 71,439 times
    (57,004 since last reset)
  • The average score is 10 of 12

Answer Stats

Country% Correct
Norway
99%
Sweden
97%
Russia
96%
Canada
95%
United States
94%
Denmark (Greenland)
93%
Iceland
90%
United Kingdom
86%
Argentina
76%
Chile
76%
Ireland
75%
New Zealand
63%

Score Distribution

Percentile by Number Answered

Percent of People with Each Score

Your Score History

You have not taken this quiz since the last reset